| 000 | 00407nam a22001697a 4500 | ||
|---|---|---|---|
| 003 | MPLRDC | ||
| 005 | 20220104123854.0 | ||
| 008 | 210129b ||||| |||| 00| 0 eng d | ||
| 082 | _a490.9931 SXXZZ-10 c.3 | ||
| 100 | _a松下幸之助著 | ||
| 245 |
_a奋斗的人生 _c |
||
| 260 |
_a _b钟文出版社 _c |
||
| 300 | _b平 | ||
| 490 | _a励志丛书 | ||
| 650 | _a | ||
| 942 |
_cBK _o490.9931 SXXZZ-10 c.3 |
||
| 999 |
_c14858 _d14848 |
||